000 01165nam a2200325 a 4500
001 ebr10017024
003 CaPaEBR
006 m u
007 cr cn|||||||||
008 910823s1992 enk sb 001 0 eng
010 _z 91030981
020 _z0415047080
020 _z0415047099 (pbk.)
040 _aCaPaEBR
_cCaPaEBR
035 _a(OCoLC)51098668
050 1 4 _aBJ1012
_b.S545 1992eb
082 0 4 _a170
_220
100 1 _aSnare, Francis.
245 1 4 _aThe nature of moral thinking
_h[electronic resource] /
_cFrancis Snare.
260 _aLondon ;
_aNew York :
_bRoutledge,
_c1992.
300 _avi, 187 p.
504 _aIncludes bibliographical references (p. 177-183) and index.
533 _aElectronic reproduction.
_bPalo Alto, Calif. :
_cebrary,
_d2013.
_nAvailable via World Wide Web.
_nAccess may be limited to ebrary affiliated libraries.
650 0 _aEthics.
650 0 _aEthical relativism.
650 0 _aSubjectivity.
655 7 _aElectronic books.
_2local
710 2 _aebrary, Inc.
856 4 0 _uhttp://site.ebrary.com/lib/rucke/Doc?id=10017024
_zAn electronic book accessible through the World Wide Web; click to view
999 _c28857
_d28857